Psicoanálisis y marxismo
Esta obra parte contra el prejuicio del “aislamiento doctrinal” entre el Psicoanalista y el Marxismo. Por el contrario, se plantean puntos de tangencia y relaciones de complementariedad entre ambos cuerpos teóricos. El primer eje de análisis lo comprenden las teorías axiológicas en Marx y en Freud y...
Shranjeno v:
| Glavni avtor: | |
|---|---|
| Format: | Knjiga |
| Jezik: | Undetermined |
| Izdano: |
Madrid, España
Alianza
1974
|
| Izdaja: | 3 |
| Teme: | |
| Oznake: |
Označite
Brez oznak, prvi označite!
|
MARC
| LEADER | 00000nam a2200000Ia 4500 | ||
|---|---|---|---|
| 008 | 170316s9999 xx 000 0 und d | ||
| 040 | |a cru BVZT | ||
| 090 | |a 100 C-22p | ||
| 100 | |a Castilla del Pino, Carlos |9 2072 | ||
| 245 | |a Psicoanálisis y marxismo |c / Carlos Castilla del Pino | ||
| 250 | |a 3 | ||
| 260 | |a Madrid, España |b Alianza |c 1974 | ||
| 300 | |a 203 páginas | ||
| 520 | |a Esta obra parte contra el prejuicio del “aislamiento doctrinal” entre el Psicoanalista y el Marxismo. Por el contrario, se plantean puntos de tangencia y relaciones de complementariedad entre ambos cuerpos teóricos. El primer eje de análisis lo comprenden las teorías axiológicas en Marx y en Freud y su comparación. Luego, la dialéctica y la sociedad en el Psicoanálisis, la antropología freudiana en Marcuse, entre otras cuestiones | ||
| 650 | |a FILOSOFÍA |9 5 | ||
| 999 | |c 15879 |d 15879 | ||
| 942 | |c 15 D |h 100 C-22p |2 z | ||
